00673nam a22002057a 450000500170000001000130001702000100003003500130004003700160005304000120006908200160008110000240009724500600012126000510018127000420023230000260027450000500030065000430035065000740039320170124110039.0 aA-427538 c00.00 aA-427538 bCen Lib/Ret aDPLbEN a881.08bRAV aRavindran, Sankaran aW.B.Yeats and Indian tradition /cby Sankaran Ravindran aDelhibKonark Publishers Private Limitedc1990 aA-149, Main Vikas MargbDelhie110092 aviii,137p. c20cm(Hb) aIncludes bibliographical references and index aEnglish literature -- Indic influences a Yeats, W. B. -- (William Butler), -- 1865-1939 -- Knowledge -- India